000 a
999 _c93366
_d93365
005 20190724141548.0
008 190724b ||||| |||| 00| 0 eng d
020 _a9788126452774
080 _a92(YOG)=M
_bYOG
100 _aYogananda, Paramahansa
245 _aOru yogiyude atmakatha (ഒരു യോഗിയുടെ ആത്മകഥ)
260 _aKottayam
_bDCB
_c2017
300 _a511 p.
653 _aAutobiography
700 _aManoj Varma Tr.by
942 _cBK